MARC details
| 000 -LEADER |
| fixed length control field |
02705cam a22006255i 4500 |
| 001 - CONTROL NUMBER |
| control field |
19600773 |
| 005 - DATE AND TIME OF LATEST TRANSACTION |
| control field |
20181228140042.0 |
| 008 - FIXED-LENGTH DATA ELEMENTS--GENERAL INFORMATION |
| fixed length control field |
170418s2018 onca j 000 1 eng |
| 010 ## - LIBRARY OF CONGRESS CONTROL NUMBER |
| LC control number |
2017940266 |
| 015 ## - NATIONAL BIBLIOGRAPHY NUMBER |
| National bibliography number |
20179029088 |
| Source |
can |
| 016 ## - NATIONAL BIBLIOGRAPHIC AGENCY CONTROL NUMBER |
| Record control number |
(AMICUS)000045157626 |
| 020 ## - INTERNATIONAL STANDARD BOOK NUMBER |
| International Standard Book Number |
9780735262850 (board book) |
| 020 ## - INTERNATIONAL STANDARD BOOK NUMBER |
| International Standard Book Number |
0735262853 |
| 020 ## - INTERNATIONAL STANDARD BOOK NUMBER |
| Cancelled/invalid ISBN |
9780735262898 (epub) |
| 035 ## - SYSTEM CONTROL NUMBER |
| System control number |
(OCoLC)on1035252899 |
| 040 ## - CATALOGING SOURCE |
| Original cataloging agency |
NLC |
| Language of cataloging |
eng |
| Transcribing agency |
NLC |
| Description conventions |
rda |
| Modifying agency |
CNEDM |
| -- |
OCLCO |
| -- |
OCLCF |
| -- |
CGP |
| -- |
DF$ |
| -- |
DLC |
| 042 ## - AUTHENTICATION CODE |
| Authentication code |
lccopycat |
| 055 #0 - CLASSIFICATION NUMBERS ASSIGNED IN CANADA |
| Classification number |
PS8615 I418 |
| Item number |
A56 2018 |
| 082 04 - DEWEY DECIMAL CLASSIFICATION NUMBER |
| Classification number |
jC813/.6 |
| Edition number |
23 |
| 084 ## - OTHER CLASSIFICATION NUMBER |
| Classification number |
cci1icc |
| Source of number |
lacc |
| 084 ## - OTHER CLASSIFICATION NUMBER |
| Classification number |
coll13 |
| Source of number |
lacc |
| 092 ## - LOCALLY ASSIGNED DEWEY CALL NUMBER (OCLC) |
| Classification number |
E |
| 100 1# - MAIN ENTRY--PERSONAL NAME |
| Personal name |
Hill, Kelly, |
| Dates associated with a name |
1972-, |
| Relator term |
author, |
| -- |
illustrator. |
| 9 (RLIN) |
5761746 |
| 245 10 - TITLE STATEMENT |
| Title |
Anne's numbers / |
| Statement of responsibility, etc |
Kelly Hill ; [edited by Samantha Swenson]. |
| 263 ## - PROJECTED PUBLICATION DATE |
| Projected publication date |
1805 |
| 264 #1 - Production, Publication, Distribution, Manufacture, and Copyright Notice. |
| Place of production, publication, distribution, manufacture |
Northern New York : |
| Name of producer, publisher, distributor, manufacturer |
Tundra, |
| Date of production, publication, distribution, manufacture, or copyr |
2018. |
| 300 ## - PHYSICAL DESCRIPTION |
| Extent |
1 volume (unpaged) : |
| Other physical details |
color illustrations ; |
| Dimensions |
21 cm |
| 336 ## - Content Type |
| Content type term |
text |
| 336 ## - Content Type |
| Content type term |
still image |
| 337 ## - Media type |
| Media type term |
unmediated |
| 338 ## - Carrier type |
| Carrier type term |
volume |
| 500 ## - GENERAL NOTE |
| General note |
"Inspired by Anne of Green Gables"--Cover. |
| 520 ## - SUMMARY, ETC. |
| Summary, etc |
"Walk along with Anne as she goes on a nature walk, counting trees, flowers, clouds and friends! The path Anne takes is based on the description of Anne's walk to school in Anne of Green Gables. Each scene has multiple counting opportunities, with simple text and tactile, gorgeous works of art created from cut fabric and embroidery"--Provided by publisher. |
| 530 ## - ADDITIONAL PHYSICAL FORM AVAILABLE NOTE |
| Additional physical form available note |
Issued also in electronic format. |
| 600 11 - SUBJECT ADDED ENTRY--PERSONAL NAME |
| Personal name |
Shirley, Anne (Fictitious character) |
| Form subdivision |
Fiction. |
| 9 (RLIN) |
5718077 |
| 600 14 - SUBJECT ADDED ENTRY--PERSONAL NAME |
| Personal name |
Shirley, Anne |
| Titles and other words associated with a name |
(Fictitious character) |
| Form subdivision |
Juvenile fiction. |
| 9 (RLIN) |
5738578 |
| 650 #0 - SUBJECT ADDED ENTRY--TOPICAL TERM |
| Topical term or geographic name as entry element |
Counting |
| Form subdivision |
Juvenile fiction. |
| 9 (RLIN) |
5693413 |
| 650 #1 - SUBJECT ADDED ENTRY--TOPICAL TERM |
| Topical term or geographic name as entry element |
Walking |
| Form subdivision |
Fiction. |
| 9 (RLIN) |
5761747 |
| 650 #1 - SUBJECT ADDED ENTRY--TOPICAL TERM |
| Topical term or geographic name as entry element |
Nature |
| Form subdivision |
Fiction. |
| 9 (RLIN) |
5724649 |
| 650 #1 - SUBJECT ADDED ENTRY--TOPICAL TERM |
| Topical term or geographic name as entry element |
Counting |
| Form subdivision |
Fiction. |
| 9 (RLIN) |
5711114 |
| 650 #4 - SUBJECT ADDED ENTRY--TOPICAL TERM |
| Topical term or geographic name as entry element |
Nature. |
| Form subdivision |
Juvenile fiction. |
| 9 (RLIN) |
5706822 |
| 650 #4 - SUBJECT ADDED ENTRY--TOPICAL TERM |
| Topical term or geographic name as entry element |
Nature. |
| Form subdivision |
Fiction. |
| 9 (RLIN) |
5724649 |
| 650 #4 - SUBJECT ADDED ENTRY--TOPICAL TERM |
| Topical term or geographic name as entry element |
Board books. |
| 9 (RLIN) |
99978 |
| 650 #4 - SUBJECT ADDED ENTRY--TOPICAL TERM |
| Topical term or geographic name as entry element |
Counting. |
| Form subdivision |
Juvenile fiction. |
| 9 (RLIN) |
5693413 |
| 650 #4 - SUBJECT ADDED ENTRY--TOPICAL TERM |
| Topical term or geographic name as entry element |
Counting. |
| Form subdivision |
Fiction. |
| 9 (RLIN) |
5711114 |
| 650 #4 - SUBJECT ADDED ENTRY--TOPICAL TERM |
| Topical term or geographic name as entry element |
Shirley, Anne (Fictitious character) |
| Form subdivision |
Fiction. |
| 9 (RLIN) |
5718077 |
| 650 #7 - SUBJECT ADDED ENTRY--TOPICAL TERM |
| Topical term or geographic name as entry element |
Counting. |
| Source of heading or term |
fast |
| 9 (RLIN) |
82238 |
| 655 #7 - INDEX TERM--GENRE/FORM |
| Genre/form data or focus term |
Fiction. |
| Source of term |
fast |
| 9 (RLIN) |
5673940 |
| 655 #7 - INDEX TERM--GENRE/FORM |
| Genre/form data or focus term |
Juvenile works. |
| Source of term |
fast |
| 9 (RLIN) |
5673941 |
| 700 1# - ADDED ENTRY--PERSONAL NAME |
| Personal name |
Swenson, Samantha, |
| Relator term |
editor. |
| 9 (RLIN) |
5761748 |
| 776 1# - ADDITIONAL PHYSICAL FORM ENTRY |
| Main entry heading |
Hill, Kelly, 1972-, author, illustrator. |
| Title |
Anne's numbers./ |
| Place, publisher, and date of publication |
Toronto : Tundra Books, 2018. |
| Record control number |
(CaOONL)20179029096 |
| 906 ## - LOCAL DATA ELEMENT F, LDF (RLIN) |
| a |
0 |
| b |
ibc |
| c |
copycat |
| d |
2 |
| e |
ncip |
| f |
20 |
| g |
y-gencatlg |
| 942 ## - ADDED ENTRY ELEMENTS (KOHA) |
| Source of classification or shelving scheme |
Dewey Decimal Classification |
| Koha item type |
BOOK |